000 01104 a2200313 4500
005 20250813085558.0
008 250813b |||||||| |||| 00| 0 eng d
041 _aEn
044 _aCIV
090 _bDG/A/1643
100 _aZAKA, Ghislaine Claude Kouadjo-Zeze
100 _a AKAFFOU, Marie Ange
100 _aFOSSOU, Romain Kouakou
110 _aCentre National de Recherche Agronomique
_bCote d'Ivoire
242 _aDiversite phylogenetique et efficacite symbiotique des souches de Bradyrhizobium nodulant Glycine max en Cote d'Ivoire
245 _aPhylogenetic diversity and symbiotic effectiveness of bradyrhizobium
_bstrain nodulating glycine max in cote d'Ivoire
260 _aAgronomy
260 _bCNRA
260 _cJuil 2025
302 _a p.
388 _a2025-08-13
650 _2AGROVOC
_gCote d'Ivoire
650 _gGlycine max
_2AGROVOC
650 _gBradyrhizobium
_2AGROVOC
650 _gRhizobium indigene
_2AGROVOC
650 _gEfficacite
_2AGROVOC
650 _gsymbiotique
_2AGROVOC
856 _uhttps://ftech.byethost7.com/wp-content/uploads/2025/08/DGA1643.pdf
999 _c5960
_d5960